<?xml version="1.0" encoding="UTF-8"?>
<record
    xmlns:xsi="http://www.w3.org/2001/XMLSchema-instance"
    xsi:schemaLocation="http://www.loc.gov/MARC21/slim http://www.loc.gov/standards/marcxml/schema/MARC21slim.xsd"
    xmlns="http://www.loc.gov/MARC21/slim">

  <leader>03382nam a2200445 i 4500</leader>
  <controlfield tag="003">DO-SdBNP</controlfield>
  <controlfield tag="005">20250710095425.0</controlfield>
  <controlfield tag="007">ta</controlfield>
  <controlfield tag="008">201126b2022    dr cdo|| |||| 00| 0 spa d</controlfield>
  <datafield tag="020" ind1=" " ind2=" ">
    <subfield code="a">9789945634082</subfield>
  </datafield>
  <datafield tag="020" ind1=" " ind2=" ">
    <subfield code="a">9789945634099</subfield>
  </datafield>
  <datafield tag="040" ind1=" " ind2=" ">
    <subfield code="a">DO-SdBNP</subfield>
    <subfield code="b">spa</subfield>
    <subfield code="c">BNPHU</subfield>
    <subfield code="e">rda</subfield>
  </datafield>
  <datafield tag="041" ind1=" " ind2=" ">
    <subfield code="a">spa</subfield>
  </datafield>
  <datafield tag="082" ind1=" " ind2="4">
    <subfield code="a">xxx</subfield>
    <subfield code="b">M533</subfield>
    <subfield code="2">22</subfield>
  </datafield>
  <datafield tag="111" ind1=" " ind2=" ">
    <subfield code="a">Seminario Internacional "Migraci&#xF3;n, remesas y desarrollo"</subfield>
    <subfield code="c">(Santo Domingo, Rep&#xFA;blica Dominicana</subfield>
    <subfield code="d">del 27 al 29 de octubre de 2021: )</subfield>
    <subfield code="9">77442</subfield>
  </datafield>
  <datafield tag="245" ind1="1" ind2="0">
    <subfield code="a">Memoria seminario Internacional "Migraci&#xF3;n, remesas y desarrollo " /</subfield>
    <subfield code="c">presentaci&#xF3;n, Reyna Bartolom&#xE9; ; ponentes, Wilfredo Lozano, Odile Camilo Vincent, Dilip Ratha, Felipe Mu&#xF1;oz, Jeremy T. Harris y otros.</subfield>
  </datafield>
  <datafield tag="264" ind1=" " ind2="1">
    <subfield code="a">Santo Domingo, Rep&#xFA;blica Dominicana :</subfield>
    <subfield code="b">Instituto Nacional de Migraci&#xF3;n, </subfield>
    <subfield code="c">2022</subfield>
  </datafield>
  <datafield tag="300" ind1=" " ind2=" ">
    <subfield code="a">145 p&#xE1;ginas :</subfield>
    <subfield code="b">ilustraciones, gr&#xE1;ficos, retratos, fotograf&#xED;as ;</subfield>
    <subfield code="c">27 cm. </subfield>
  </datafield>
  <datafield tag="336" ind1=" " ind2=" ">
    <subfield code="a">texto</subfield>
    <subfield code="b">txt</subfield>
    <subfield code="2">rdacontent</subfield>
  </datafield>
  <datafield tag="337" ind1=" " ind2=" ">
    <subfield code="a">sin mediaci&#xF3;n</subfield>
    <subfield code="b">n</subfield>
    <subfield code="2">rdamedia</subfield>
  </datafield>
  <datafield tag="338" ind1=" " ind2=" ">
    <subfield code="a">volumen</subfield>
    <subfield code="b">nc</subfield>
    <subfield code="2">rdacarrier</subfield>
  </datafield>
  <datafield tag="500" ind1=" " ind2=" ">
    <subfield code="a">Incluye datos biogr&#xE1;ficos de los ponentes desde la p&#xE1;gina 133.</subfield>
  </datafield>
  <datafield tag="505" ind1="2" ind2=" ">
    <subfield code="t">Presentaci&#xF3;n --</subfield>
    <subfield code="t">Palabras de bienvenida, Wilfredo Lozano --</subfield>
    <subfield code="t">Palabras de bienvenida, Odile Camilo --</subfield>
    <subfield code="t">Conferencia magistral, Dilip Ratha --</subfield>
    <subfield code="g">Sesi&#xF3;n 1 --</subfield>
    <subfield code="t">La dimensi&#xF3;n de las remesas. Contexto regional --</subfield>
    <subfield code="g">Sesi&#xF3;n 2--</subfield>
    <subfield code="t">Remesas e inclusi&#xF3;n financiera --</subfield>
    <subfield code="g">Sesi&#xF3;n 3 --</subfield>
    <subfield code="t">Remesas y migraci&#xF3;n. An&#xE1;lisis de casos del caribe --</subfield>
    <subfield code="t">Palabras de Miguel Ceara Hatton, Ministro de econom&#xED;a, Planificaci&#xF3;n y Desarrollo --</subfield>
    <subfield code="t">Perfiles de los ponentes /</subfield>
  </datafield>
  <datafield tag="590" ind1=" " ind2=" ">
    <subfield code="a">Inventariado, 2023/ YL

</subfield>
  </datafield>
  <datafield tag="700" ind1="1" ind2=" ">
    <subfield code="a">Lozano, Wilfredo</subfield>
    <subfield code="e">ponente</subfield>
    <subfield code="e">director ejecutivo del Instituto Nacional de Migraci&#xF3;n </subfield>
    <subfield code="9">81507</subfield>
  </datafield>
  <datafield tag="700" ind1="1" ind2=" ">
    <subfield code="a">Camilo Vincent, Odile</subfield>
    <subfield code="e">ponente</subfield>
    <subfield code="e">rectora de la Universidad Iberoamericana</subfield>
    <subfield code="9">84245</subfield>
  </datafield>
  <datafield tag="700" ind1="1" ind2=" ">
    <subfield code="a">Ratha, Dilip</subfield>
    <subfield code="e">ponente</subfield>
    <subfield code="e">director de la Global Knowledge Partnership on Migration and Development (KNOMAD)</subfield>
    <subfield code="9">84246</subfield>
  </datafield>
  <datafield tag="700" ind1="1" ind2=" ">
    <subfield code="a">Mu&#xF1;oz, Felipe</subfield>
    <subfield code="e">ponente</subfield>
    <subfield code="e">jefe de la unidad de migraciones del Banco Interamericano de Desarrollo</subfield>
    <subfield code="9">84247</subfield>
  </datafield>
  <datafield tag="700" ind1="1" ind2=" ">
    <subfield code="a">Harris, Jeremy T.</subfield>
    <subfield code="e">ponente</subfield>
    <subfield code="e">especialista de la unidad de migraci&#xF3;n del Banco Interamericano de Desarrollo</subfield>
    <subfield code="9">84248</subfield>
  </datafield>
  <datafield tag="700" ind1="1" ind2=" ">
    <subfield code="a">Plaza, Sonia</subfield>
    <subfield code="e">ponente</subfield>
    <subfield code="e">copresidenta del grupo de trabajo tem&#xE1;tico sobre la di&#xE1;spora de la Global Knowledge Partnership on Migration and Development (KNOMAD)</subfield>
    <subfield code="9">84249</subfield>
  </datafield>
  <datafield tag="700" ind1="1" ind2=" ">
    <subfield code="a">Vivanco, Ferm&#xED;n</subfield>
    <subfield code="e">ponente</subfield>
    <subfield code="e">especialista l&#xED;der del laboratorio del Banco Interamericano de Desarrrollo </subfield>
    <subfield code="9">84250</subfield>
  </datafield>
  <datafield tag="700" ind1="1" ind2=" ">
    <subfield code="a">Maldonado Gonz&#xE1;les, Ren&#xE9; Alberto</subfield>
    <subfield code="e">ponente</subfield>
    <subfield code="e">coordinador del programa de remesas e inclusi&#xF3;n financiera del Centro de estudios Monetarios Latinoamericanos (CEMLA)</subfield>
    <subfield code="9">84251</subfield>
  </datafield>
  <datafield tag="700" ind1="1" ind2=" ">
    <subfield code="a">Gilbert, Randolph</subfield>
    <subfield code="e">ponente</subfield>
    <subfield code="e">funcionario de la Comisi&#xF3;n Econ&#xF3;mica para Am&#xE9;rica Latina y el Caribe (CEPAL)</subfield>
    <subfield code="9">84252</subfield>
  </datafield>
  <datafield tag="700" ind1="1" ind2=" ">
    <subfield code="a">Fuente, Alejandro de la</subfield>
    <subfield code="e">ponente</subfield>
    <subfield code="e">economista s&#xE9;nior en pr&#xE1;ctica global de pobreza y equidad del Banco Mundial</subfield>
    <subfield code="9">84253</subfield>
  </datafield>
  <datafield tag="700" ind1="1" ind2=" ">
    <subfield code="a">Guti&#xE9;rrez, Letty</subfield>
    <subfield code="e">ponente</subfield>
    <subfield code="e">consultora econ&#xF3;mica del Banco Central de Rep&#xFA;blica Dominicana</subfield>
    <subfield code="9">83147</subfield>
  </datafield>
  <datafield tag="700" ind1="1" ind2=" ">
    <subfield code="a">Ceara-Hatton, Miguel</subfield>
    <subfield code="e">ponente</subfield>
    <subfield code="e">ministro de econom&#xED;a, planificaci&#xF3;n y desarrollo (MEPyD)</subfield>
    <subfield code="9">1685</subfield>
  </datafield>
  <datafield tag="700" ind1="1" ind2=" ">
    <subfield code="a">Madera Sued, Luis</subfield>
    <subfield code="e">ponente</subfield>
    <subfield code="e">director general de desarrollo econ&#xF3;mico y social del Ministerio de Econom&#xED;a, Planificaci&#xF3;n y Desarrollo</subfield>
    <subfield code="9">80170</subfield>
  </datafield>
  <datafield tag="910" ind1=" " ind2=" ">
    <subfield code="a">YLockward</subfield>
  </datafield>
  <datafield tag="942" ind1=" " ind2=" ">
    <subfield code="2">ddc</subfield>
    <subfield code="c">LBS1</subfield>
  </datafield>
  <datafield tag="952" ind1=" " ind2=" ">
    <subfield code="0">0</subfield>
    <subfield code="1">0</subfield>
    <subfield code="2">ddc</subfield>
    <subfield code="5">1</subfield>
    <subfield code="7">0</subfield>
    <subfield code="8">PD</subfield>
    <subfield code="a">BNPHU</subfield>
    <subfield code="b">BNPHU</subfield>
    <subfield code="c">CT</subfield>
    <subfield code="d">2022-11-11</subfield>
    <subfield code="e">Instituto Nacional de Migraci&#xF3;n </subfield>
    <subfield code="l">0</subfield>
    <subfield code="o">BNPHU PD M533</subfield>
    <subfield code="p">2023-6319</subfield>
    <subfield code="r">2023-09-22</subfield>
    <subfield code="w">2023-09-22</subfield>
    <subfield code="y">LBS1</subfield>
  </datafield>
  <datafield tag="952" ind1=" " ind2=" ">
    <subfield code="0">0</subfield>
    <subfield code="1">0</subfield>
    <subfield code="2">ddc</subfield>
    <subfield code="5">1</subfield>
    <subfield code="7">0</subfield>
    <subfield code="8">PD</subfield>
    <subfield code="a">BNPHU</subfield>
    <subfield code="b">BNPHU</subfield>
    <subfield code="c">CT</subfield>
    <subfield code="d">2022-11-11</subfield>
    <subfield code="e">Instituto Nacional de Migraci&#xF3;n </subfield>
    <subfield code="l">0</subfield>
    <subfield code="o">BNPHU PD M533</subfield>
    <subfield code="p">2023-6320</subfield>
    <subfield code="r">2023-09-22</subfield>
    <subfield code="t">e. 2</subfield>
    <subfield code="w">2023-09-22</subfield>
    <subfield code="y">LBS1</subfield>
  </datafield>
  <datafield tag="952" ind1=" " ind2=" ">
    <subfield code="0">0</subfield>
    <subfield code="1">0</subfield>
    <subfield code="2">ddc</subfield>
    <subfield code="5">6</subfield>
    <subfield code="7">0</subfield>
    <subfield code="8">DS</subfield>
    <subfield code="a">BNPHU</subfield>
    <subfield code="b">BNPHU</subfield>
    <subfield code="c">CT</subfield>
    <subfield code="d">2022-11-11</subfield>
    <subfield code="e">Instituto Nacional de Migraci&#xF3;n </subfield>
    <subfield code="l">0</subfield>
    <subfield code="o">BNPHU DS M533</subfield>
    <subfield code="p">2023-6321</subfield>
    <subfield code="r">2023-09-22</subfield>
    <subfield code="t">e. 3</subfield>
    <subfield code="w">2023-09-22</subfield>
    <subfield code="y">LBS1</subfield>
  </datafield>
  <datafield tag="999" ind1=" " ind2=" ">
    <subfield code="c">54897</subfield>
    <subfield code="d">54897</subfield>
  </datafield>
</record>
